|
|
|
|
| LEADER |
00000cam a22000002c 4500 |
| 001 |
1167430212 |
| 003 |
DE-627 |
| 005 |
20250424234334.0 |
| 007 |
tu |
| 008 |
020227s1936 xx ||||| 00| ||ger c |
| 035 |
|
|
|a (DE-627)1167430212
|
| 035 |
|
|
|a (DE-576)097430218
|
| 035 |
|
|
|a (DE-599)BSZ097430218
|
| 035 |
|
|
|a (OCoLC)1517265463
|
| 035 |
|
|
|a (OCoLC)36400335
|
| 040 |
|
|
|a DE-627
|b ger
|c DE-627
|e rakwb
|
| 041 |
|
|
|a ger
|
| 084 |
|
|
|a 1
|2 ssgn
|
| 084 |
|
|
|a NQ 2310
|2 rvk
|0 (DE-625)rvk/128249:
|
| 100 |
1 |
|
|0 (DE-588)117042412
|0 (DE-627)078497736
|0 (DE-576)291063985
|4 aut
|a Miller, Alfred
|d 1881-1940
|
| 109 |
|
|
|a Miller, Alfred 1881-1940
|a Miller, Wilhelm Alfred 1881-1940
|a Miller, Wilhelm A. 1881-1940
|a Miller, Alfred Wilhelm 1881-1940
|
| 245 |
1 |
0 |
|a Völkerentartung unter dem Kreuz
|b der abendländische Geistespolyp als Fluch der Welt
|c von Alfred Miller
|
| 250 |
|
|
|a 2. verm. Aufl.
|
| 264 |
|
1 |
|a Leipzig
|b Klein
|c [1936]
|
| 300 |
|
|
|a VIII, 318 S.
|b Ill.
|
| 336 |
|
|
|a Text
|b txt
|2 rdacontent
|
| 337 |
|
|
|a ohne Hilfsmittel zu benutzen
|b n
|2 rdamedia
|
| 338 |
|
|
|a Band
|b nc
|2 rdacarrier
|
| 500 |
|
|
|a In Fraktur
|
| 583 |
1 |
|
|a Archivierung prüfen
|c 20200919
|f DE-640
|z 3
|2 pdager
|
| 583 |
1 |
|
|a Archivierung/Langzeitarchivierung gewährleistet
|f SSG
|x XA-DE-BW
|2 pdager
|5 DE-21
|
| 601 |
|
|
|a Abendland
|
| 936 |
r |
v |
|a NQ 2310
|b Allgemeines
|k Geschichte
|k Geschichte seit 1918
|k Drittes Reich
|k Innere Geschichte
|k NS-Staat und Kirchen
|k Allgemeines
|0 (DE-627)1270722077
|0 (DE-625)rvk/128249:
|0 (DE-576)200722077
|
| 951 |
|
|
|a BO
|
| ELC |
|
|
|b 1
|
| ITA |
|
|
|a 1
|t 1
|
| LOK |
|
|
|0 000 xxxxxcx a22 zn 4500
|
| LOK |
|
|
|0 001 2813161748
|
| LOK |
|
|
|0 003 DE-627
|
| LOK |
|
|
|0 004 1167430212
|
| LOK |
|
|
|0 005 20140826110753
|
| LOK |
|
|
|0 008 140826||||||||||||||||ger|||||||
|
| LOK |
|
|
|0 040
|a DE-21
|c DE-627
|d DE-21
|
| LOK |
|
|
|0 852
|a DE-21
|
| LOK |
|
|
|0 852 1
|c Gk I 199 a
|9 00
|
| LOK |
|
|
|0 935
|a dika
|a theo
|
| LOK |
|
|
|0 939
|a 26-08-14
|b l01
|
| ORI |
|
|
|a SA-MARC-ixtheoa001.raw
|